<?xml version="1.0" encoding="UTF-8"?>
<record
    xmlns:xsi="http://www.w3.org/2001/XMLSchema-instance"
    xsi:schemaLocation="http://www.loc.gov/MARC21/slim http://www.loc.gov/standards/marcxml/schema/MARC21slim.xsd"
    xmlns="http://www.loc.gov/MARC21/slim">

  <leader>02024nam a22003137a 4500</leader>
  <controlfield tag="005">20111004115948.0</controlfield>
  <datafield tag="010" ind1=" " ind2=" ">
    <subfield code="a">ENG-103866  B-457639-643</subfield>
  </datafield>
  <datafield tag="020" ind1=" " ind2=" ">
    <subfield code="a">9788125043058</subfield>
    <subfield code="c">725.00</subfield>
  </datafield>
  <datafield tag="035" ind1=" " ind2=" ">
    <subfield code="a">EN-87399  B-457639-643</subfield>
  </datafield>
  <datafield tag="037" ind1=" " ind2=" ">
    <subfield code="b">DBAD/PUB</subfield>
  </datafield>
  <datafield tag="037" ind1=" " ind2=" ">
    <subfield code="b">K.K.Pub/Ven</subfield>
  </datafield>
  <datafield tag="082" ind1=" " ind2=" ">
    <subfield code="a">305.4896</subfield>
  </datafield>
  <datafield tag="100" ind1=" " ind2=" ">
    <subfield code="a">Kannabiran, Vasanth</subfield>
    <subfield code="9">51649</subfield>
  </datafield>
  <datafield tag="245" ind1="0" ind2="0">
    <subfield code="a">A grief to bury :</subfield>
    <subfield code="b">memories of love, work and loss /</subfield>
    <subfield code="c">by  Anup Kumar</subfield>
  </datafield>
  <datafield tag="260" ind1=" " ind2=" ">
    <subfield code="a">New Delhi</subfield>
    <subfield code="b">Orient Blackswan</subfield>
    <subfield code="c">2011</subfield>
  </datafield>
  <datafield tag="270" ind1=" " ind2=" ">
    <subfield code="a">1/24, Asaf Ali Road</subfield>
    <subfield code="b">New Delhi</subfield>
    <subfield code="e">110002</subfield>
  </datafield>
  <datafield tag="300" ind1=" " ind2=" ">
    <subfield code="a">xxvi,370p. :</subfield>
    <subfield code="c">24cm (Hb)</subfield>
    <subfield code="b">ill.</subfield>
  </datafield>
  <datafield tag="700" ind1=" " ind2=" ">
    <subfield code="9">35211</subfield>
  </datafield>
  <datafield tag="830" ind1=" " ind2=" ">
    <subfield code="9">35213</subfield>
  </datafield>
  <datafield tag="942" ind1=" " ind2=" ">
    <subfield code="2">ddc</subfield>
    <subfield code="c">EN</subfield>
    <subfield code="m">KAN</subfield>
    <subfield code="h">305.4896</subfield>
  </datafield>
  <datafield tag="999" ind1=" " ind2=" ">
    <subfield code="c">57274</subfield>
    <subfield code="d">57274</subfield>
  </datafield>
  <datafield tag="952" ind1=" " ind2=" ">
    <subfield code="0">0</subfield>
    <subfield code="1">0</subfield>
    <subfield code="2">ddc</subfield>
    <subfield code="4">0</subfield>
    <subfield code="7">1</subfield>
    <subfield code="8">NFIC</subfield>
    <subfield code="a">DBAD</subfield>
    <subfield code="b">DBAD</subfield>
    <subfield code="d">2011-10-04</subfield>
    <subfield code="e">DBAD/PUB</subfield>
    <subfield code="g">725.00</subfield>
    <subfield code="l">0</subfield>
    <subfield code="o">305.4896 KAN</subfield>
    <subfield code="p">EN-87399</subfield>
    <subfield code="r">2011-10-04 00:00:00</subfield>
    <subfield code="t">1</subfield>
    <subfield code="v">725.00</subfield>
    <subfield code="y">EN</subfield>
  </datafield>
  <datafield tag="952" ind1=" " ind2=" ">
    <subfield code="0">0</subfield>
    <subfield code="1">0</subfield>
    <subfield code="4">0</subfield>
    <subfield code="7">0</subfield>
    <subfield code="8">NFIC</subfield>
    <subfield code="a">L</subfield>
    <subfield code="b">L</subfield>
    <subfield code="d">2012-08-28</subfield>
    <subfield code="e">K.K.Pub/1657/24.01.2012/25/24.01.2012/06.02.2012</subfield>
    <subfield code="g">725.00</subfield>
    <subfield code="l">2</subfield>
    <subfield code="m">2</subfield>
    <subfield code="o">305.4896 KAN</subfield>
    <subfield code="p">B-457639</subfield>
    <subfield code="r">2025-06-09 00:00:00</subfield>
    <subfield code="s">2025-05-27</subfield>
    <subfield code="t">1</subfield>
    <subfield code="v">725.00</subfield>
    <subfield code="w">2012-08-28</subfield>
    <subfield code="y">EN</subfield>
  </datafield>
  <datafield tag="952" ind1=" " ind2=" ">
    <subfield code="0">0</subfield>
    <subfield code="1">0</subfield>
    <subfield code="4">0</subfield>
    <subfield code="7">0</subfield>
    <subfield code="8">NFIC</subfield>
    <subfield code="a">BL1</subfield>
    <subfield code="b">BL1</subfield>
    <subfield code="d">2012-08-28</subfield>
    <subfield code="e">K.K.Pub/1657/24.01.2012/25/24.01.2012/06.02.2012</subfield>
    <subfield code="g">725.00</subfield>
    <subfield code="l">1</subfield>
    <subfield code="o">305.4896 KAN</subfield>
    <subfield code="p">B-457640</subfield>
    <subfield code="r">2019-02-09 00:00:00</subfield>
    <subfield code="s">2019-01-22</subfield>
    <subfield code="t">1</subfield>
    <subfield code="v">725.00</subfield>
    <subfield code="w">2012-08-28</subfield>
    <subfield code="y">EN</subfield>
  </datafield>
  <datafield tag="952" ind1=" " ind2=" ">
    <subfield code="0">0</subfield>
    <subfield code="1">0</subfield>
    <subfield code="4">0</subfield>
    <subfield code="7">0</subfield>
    <subfield code="8">NFIC</subfield>
    <subfield code="a">ZLS</subfield>
    <subfield code="b">ZLS</subfield>
    <subfield code="d">2012-08-28</subfield>
    <subfield code="e">K.K.Pub/1657/24.01.2012/25/24.01.2012/06.02.2012</subfield>
    <subfield code="g">725.00</subfield>
    <subfield code="l">1</subfield>
    <subfield code="m">1</subfield>
    <subfield code="o">305.4896 KAN</subfield>
    <subfield code="p">B-457641</subfield>
    <subfield code="r">2020-01-25 00:00:00</subfield>
    <subfield code="s">2019-12-29</subfield>
    <subfield code="t">1</subfield>
    <subfield code="v">725.00</subfield>
    <subfield code="w">2012-08-28</subfield>
    <subfield code="y">EN</subfield>
  </datafield>
  <datafield tag="952" ind1=" " ind2=" ">
    <subfield code="0">0</subfield>
    <subfield code="1">0</subfield>
    <subfield code="4">0</subfield>
    <subfield code="7">0</subfield>
    <subfield code="8">NFIC</subfield>
    <subfield code="a">BL3</subfield>
    <subfield code="b">BL3</subfield>
    <subfield code="d">2012-08-28</subfield>
    <subfield code="e">K.K.Pub/1657/24.01.2012/25/24.01.2012/06.02.2012</subfield>
    <subfield code="g">725.00</subfield>
    <subfield code="l">0</subfield>
    <subfield code="o">305.4896 KAN</subfield>
    <subfield code="p">B-457642</subfield>
    <subfield code="r">2012-08-28 00:00:00</subfield>
    <subfield code="t">1</subfield>
    <subfield code="v">725.00</subfield>
    <subfield code="w">2012-08-28</subfield>
    <subfield code="y">EN</subfield>
  </datafield>
  <datafield tag="952" ind1=" " ind2=" ">
    <subfield code="0">0</subfield>
    <subfield code="1">0</subfield>
    <subfield code="4">0</subfield>
    <subfield code="7">0</subfield>
    <subfield code="8">NFIC</subfield>
    <subfield code="a">BL4</subfield>
    <subfield code="b">BL4</subfield>
    <subfield code="d">2012-08-28</subfield>
    <subfield code="e">K.K.Pub/1657/24.01.2012/25/24.01.2012/06.02.2012</subfield>
    <subfield code="g">725.00</subfield>
    <subfield code="l">0</subfield>
    <subfield code="o">305.4896 KAN</subfield>
    <subfield code="p">B-457643</subfield>
    <subfield code="r">2012-08-28 00:00:00</subfield>
    <subfield code="t">1</subfield>
    <subfield code="v">725.00</subfield>
    <subfield code="w">2012-08-28</subfield>
    <subfield code="y">EN</subfield>
  </datafield>
</record>
